Blair Witch Franchise - Statistics

General Stats
  • This quiz has been taken 14 times
  • The average score is 6 of 30
Answer Stats
Type Year Name Info % Correct
Film 2016 Blair Witch Lionsgate
100%
Video Game 2019 Blair Witch Lionsgate Games
100%
Film 1999 The Blair Witch Project Artisan Entertainment
100%
Novel 1999 The Blair Witch Project Claire Forbes
100%
Comic One-Shot 1999 The Blair Witch Project Oni Press
100%
Film 2000 Book of Shadows: Blair Witch 2 Artisan Entertainment
56%
Book 2000 Blair Witch: Book of Shadows D.A. Stern
11%
Comic Mini-Series 2000 The Blair Witch Chronicles Oni Press
11%
Film 2000 The Bogus Witch Project ????
11%
Short Film 1999 An Exploration of the Blair Witch Legend ????
0%
Comic One-Shot 2000 Blair Witch: Dark Testaments Image Comics
0%
Novel 2004 Blair Witch: Graveyard Shift D.A. Stern
0%
Novel 2000 Blair Witch: The Secret Confessions of Rustin Parr D.A. Stern
0%
Video Game 2000 Blair Witch Volume 2: The Legend of Coffin Rock Gathering of Developers / Take-Two Interactive
0%
Video Game 2000 Blair Witch Volume III: The Elly Kedward Tale Gathering of Developers / Take-Two Interactive
0%
Video Game 2000 Blair Witch Volume I: Rustin Parr Gathering / Take-Two Interactive
0%
TV Short 1999 Curse of the Blair Witch The Sci-Fi Channel
0%
TV Film 2000 Shadow of the Blair Witch The Sci-Fi Channel
0%
Novel 2000 The Blair Witch Files 1 - The Witch's Daughter Carol Ellis
0%
Novel 2000 The Blair Witch Files 2 - The Dark Room Megan Stine
0%
Novel 2000 The Blair Witch Files 3 - The Drowning Ghost Natalie Standiford
0%
Novel 2000 The Blair Witch Files 4 - Blood Nightmare Marc Cesarini
0%
Novel 2001 The Blair Witch Files 5 - The Death Card JoAnn Egan Neil
0%
Novel 2001 The Blair Witch Files 6 - The Prisoner Cameron Dokey
0%
Novel 2001 The Blair Witch Files 7 - The Night Shifters Carol Ellis
0%
Novel 2001 The Blair Witch Files 8 - The Obsession Cade Merrill
0%
Short Film 2002 The Blair Witch Mountain Project ????
0%
Book 1999 The Blair Witch Project: A Dossier D.A. Stern
0%
TV Short 2000 The Burkittsville 7 Showtime
0%
TV Short 1999 The Scooby-Doo Project Cartoon Network
0%
No matching quizzes found
Score Distribution
Percent of People with Each Score
Percentile by Number Answered
Your Score History
You have not taken this quiz